[Event "FIDE Online Olympiad"]
[Site "Chess.com"]
[Date "2020.07.31"]
[EventDate "2020.07.31"]
[Round "1"]
[Result "0-1"]
[White "Rajiv Adhikari Lee"]
[Black "Marlon Miller"]
[WhiteElo "1530"]
[BlackElo "2092"]
[PlyCount "80"]

1. d4 Nf6 2. Bf4 d5 3. e3 g6 4. Nf3 Bg7 5. Nbd2 O-O 6. Bd3 c5
7. c3 Nc6 8. O-O Nd7 9. Re1 e5 10. dxe5 Ndxe5 11. Bb5 Be6
12. Nxe5 Nxe5 13. Nf3 Nxf3+ 14. Qxf3 Qb6 15. Qe2 a6 16. Ba4
Rac8 17. Bd1 d4 18. cxd4 cxd4 19. exd4 Bxd4 20. Be3 Qxb2
21. Qxb2 Bxb2 22. Rb1 Bc3 23. Re2 b5 24. Bb3 Bf5 25. Bc2 Be6
26. Bb3 Bc4 27. Bxc4 Rxc4 28. Rc2 Rfc8 29. Kf1 f5 30. Rbc1 b4
31. Bd2 Kf7 32. Bxc3 bxc3 33. Ke2 Ke6 34. Kd3 Ra4 35. Rxc3
Rxc3+ 36. Rxc3 Rxa2 37. Ke3 a5 38. Rc1 Kd5 39. Rd1+ Kc4
40. Rc1+ Kb3 0-1

[Event "FIDE Online Olympiad"]
[Site "Chess.com"]
[Date "2020.07.31"]
[EventDate "2020.07.31"]
[Round "2"]
[Result "0-1"]
[White "Aidan Mart"]
[Black "Marlon Miller"]
[WhiteElo "1262"]
[BlackElo "2092"]
[PlyCount "58"]

1. e4 e6 2. d4 d5 3. exd5 exd5 4. Nc3 Nf6 5. Nf3 Bd6 6. Bd3
O-O 7. O-O c6 8. Bg5 Bg4 9. h3 Bh5 10. Be2 Nbd7 11. Re1 Qc7
12. Qd3 Rae8 13. Rad1 Ne4 14. Be3 Bg6 15. Nxd5 cxd5 16. Qb3
Nb6 17. Bd3 Bh5 18. g4 Bg6 19. a4 f5 20. a5 Nc4 21. Bxc4 dxc4
22. Qb5 fxg4 23. Nh4 gxh3 24. Nxg6 hxg6 25. Qd5+ Kh8 26. f4
Bxf4 27. Bxf4 Qxf4 28. Rf1 Qg3+ 29. Kh1 Qg2# 0-1

[Event "FIDE Online Olympiad"]
[Site "Chess.com"]
[Date "2020.07.31"]
[EventDate "2020.07.31"]
[Round "2"]
[Result "0-1"]
[White "Izidora Lourenco Lima"]
[Black "Maria Varona-Thomas"]
[WhiteElo "1345"]
[BlackElo "1733"]
[PlyCount "156"]

1. e4 c5 2. Nc3 d6 3. Nf3 Nf6 4. Bc4 e6 5. d3 Be7 6. h3 a6
7. Bg5 Nbd7 8. d4 b5 9. Bd3 cxd4 10. Nxd4 Bb7 11. Qe2 Qc7
12. O-O O-O 13. Nf3 Nc5 14. Rad1 b4 15. Nb1 Bxe4 16. Bxf6 Bxd3
17. cxd3 Bxf6 18. d4 Nb7 19. Rc1 Qd7 20. Rfd1 Rfc8 21. Nbd2 d5
22. Ne5 Bxe5 23. dxe5 a5 24. b3 h6 25. Nf3 Nc5 26. Kh1 Qe7
27. Rd4 Ne4 28. Rxc8+ Rxc8 29. Nd2 Nxd2 30. Rxd2 Qc5 31. Kh2
Qc3 32. Rd3 Qc1 33. Rd1 Qc2 34. Qd2 Qxd2 35. Rxd2 Rc1 36. f3
Kf8 37. Kg3 Ke7 38. h4 f6 39. Kf4 fxe5+ 40. Kxe5 Re1+ 41. Kf4
Kd6 42. g4 Rh1 43. h5 Rc1 44. g5 hxg5+ 45. Kxg5 Rg1+ 46. Kh4
e5 47. Kh3 d4 48. Kh2 Rg5 49. f4 Rxh5+ 50. Kg2 exf4 51. Rxd4+
Ke5 52. Rc4 Rg5+ 53. Kf2 g6 54. Rc5+ Kf6 55. Rc6+ Kf5 56. Rc5+
Kg4 57. Rxg5+ Kxg5 58. Kf3 Kf5 59. Kg2 g5 60. Kf3 g4+ 61. Kf2
Ke4 62. Kg2 Ke3 63. Kg1 f3 64. Kf1 f2 65. Kg2 Ke2 66. Kg3 f1=Q
67. Kxg4 Qf3+ 68. Kg5 Ke3 69. Kg6 Qf4 70. Kg7 Qf5 71. Kg8 Ke4
72. Kg7 Ke5 73. Kg8 Ke6 74. Kg7 Qf6+ 75. Kg8 Ke7 76. Kh7 Qg5
77. Kh8 Kf6 78. Kh7 Qg7# 0-1

[Event "FIDE Online Olympiad"]
[Site "Chess.com"]
[Date "2020.07.31"]
[EventDate "2020.07.31"]
[Round "2"]
[Result "0-1"]
[White "Aimara Ballestero"]
[Black "Zuzana Kovacova"]
[WhiteElo "1224"]
[BlackElo "2011"]
[PlyCount "62"]

1. d4 d5 2. Nf3 Nf6 3. Bf4 c5 4. c3 Qb6 5. Qc2 Nc6 6. e3 Bg4
7. Be2 e6 8. h3 Bh5 9. Nbd2 Be7 10. O-O O-O 11. b3 Rac8
12. Rac1 Rfe8 13. Rfe1 Nd7 14. Ng5 Bg6 15. Bd3 Bxg5 16. Bxg5
e5 17. Bxg6 hxg6 18. dxe5 Ncxe5 19. c4 dxc4 20. Nxc4 Nxc4
21. Qxc4 Ne5 22. Qe2 Qe6 23. Bf4 a6 24. Bxe5 Qxe5 25. Rc2 Rc6
26. Rd1 Rd6 27. Rxd6 Qxd6 28. Qd2 Qc7 29. Qd5 b6 30. b4 Rd8
31. Qc4 Rd1+ 0-1

[Event "FIDE Online Olympiad"]
[Site "Chess.com"]
[Date "2020.07.31"]
[EventDate "2020.07.31"]
[Round "2"]
[Result "0-1"]
[White "Shiela Cancino"]
[Black "Annelaine Jacobs"]
[WhiteElo "1420"]
[BlackElo "1612"]
[PlyCount "142"]

1. d4 d6 2. Nf3 g6 3. e4 Nf6 4. Bd3 Bg7 5. Nbd2 O-O 6. b3 Bg4
7. Bb2 Nbd7 8. c4 e5 9. Qc2 Nh5 10. g3 Bxf3 11. Nxf3 exd4
12. Bxd4 Bxd4 13. Nxd4 Qf6 14. Rd1 Qxd4 15. Be2 Qe5 16. Rd5
Qg7 17. Bxh5 gxh5 18. Qd2 Nf6 19. Rg5 Nxe4 20. Rxg7+ Kxg7
21. Qd4+ Nf6 22. O-O Rfe8 23. f3 Re6 24. g4 Kg8 25. gxh5 Nxh5
26. Qg4+ Rg6 27. Qxg6+ hxg6 28. Re1 Kf8 29. Kg2 Re8 30. Rxe8+
Kxe8 31. Kh3 Nf4+ 32. Kg4 Nd3 33. f4 Nc1 34. h4 Nxa2 35. Kg5
Nc3 36. f5 Ne4+ 37. Kf4 Nf6 38. fxg6 fxg6 39. Kg5 Kf7 40. Kf4
Nd7 41. b4 Ne5 42. c5 Nd3+ 43. Kg5 dxc5 44. bxc5 Nxc5 45. Kh6
a5 46. h5 gxh5 47. Kxh5 a4 48. Kg5 a3 49. Kf5 a2 50. Ke5 a1=Q+
51. Kd5 b6 52. Kc6 Qa4+ 53. Kd5 c6+ 54. Kd6 Qf4+ 55. Kxc6 Qf6+
56. Kb5 Ke7 57. Kc4 Kd7 58. Kb5 Qc6+ 59. Kc4 b5+ 60. Kb4 Na6+
61. Ka5 Nc7 62. Kb4 Qc4+ 63. Ka5 Nd5 64. Ka6 b4+ 65. Ka5 Qa2+
66. Kb5 b3 67. Kc5 Nc3 68. Kc4 b2+ 69. Kxc3 b1=Q 70. Kd4 Qa4+
71. Kc5 Qbb5# 0-1

[Event "FIDE Online Olympiad"]
[Site "Chess.com"]
[Date "2020.07.31"]
[EventDate "2020.07.31"]
[Round "2"]
[Result "0-1"]
[White "Maria Esther Granados Diaz"]
[Black "Raehanna Brown"]
[WhiteElo "1843"]
[BlackElo "1540"]
[PlyCount "72"]

1. e4 c5 2. Nf3 Nc6 3. d4 cxd4 4. Nxd4 Nf6 5. Nc3 g6 6. Nxc6
bxc6 7. e5 Nh5 8. Be2 Ng7 9. O-O Ne6 10. f4 Bg7 11. Be3 O-O
12. f5 Nc7 13. fxg6 fxg6 14. Bc4+ Kh8 15. Rxf8+ Qxf8 16. Bd4
Bb7 17. Qe2 d5 18. Bd3 Ne6 19. Bf2 c5 20. Bg3 c4 21. Bxg6 hxg6
22. Qg4 Qf5 23. Qh4+ Kg8 24. Rf1 Qg5 25. Qh3 Nc5 26. Bf4 Qf5
27. Qe3 Ne6 28. Bg3 Qxc2 29. Rf2 d4 30. Qe1 Qd3 31. Nd1 Bh6
32. h3 Be3 33. Nxe3 dxe3 34. Re2 Qe4 35. Qc3 Nd4 36. Qxc4+ Bd5
0-1

[Event "FIDE Online Olympiad"]
[Site "Chess.com"]
[Date "2020.07.31"]
[EventDate "2020.07.31"]
[Round "2"]
[Result "0-1"]
[White "Nickaylah Curwin"]
[Black "Michelle Ferrufino"]
[WhiteElo "1422"]
[BlackElo "1855"]
[PlyCount "92"]

1. d4 d5 2. Bf4 f5 3. Nf3 Nf6 4. e3 e6 5. Nbd2 Be7 6. Bd3 O-O
7. O-O c6 8. c4 Ne4 9. cxd5 exd5 10. Ne5 Nd7 11. Ndf3 Ndf6
12. Rc1 Nh5 13. Bg3 Nhxg3 14. fxg3 Bd6 15. Qe2 Be6 16. Bb1 Qe7
17. a3 a5 18. Qc2 Rf6 19. Nd3 Rh6 20. Nfe5 Qg5 21. Qe2 Rf8
22. Nf4 Bc8 23. Bxe4 fxe4 24. Qe1 Bxe5 25. dxe5 Qxe5 26. Qxa5
Qxb2 27. Qc5 Rhf6 28. Rc2 Qe5 29. Rcf2 g5 30. Ne2 Rxf2
31. Rxf2 Qa1+ 32. Qc1 Qxc1+ 33. Nxc1 Rxf2 34. Kxf2 Kf7 35. Nb3
b6 36. h3 Kf6 37. Ke2 Ke5 38. Nd4 Bd7 39. Kf2 c5 40. Ne2 d4
41. exd4+ cxd4 42. Nc1 e3+ 43. Ke1 Ke4 44. Ne2 Bb5 45. Nc1 Bc4
46. g4 d3 0-1

[Event "FIDE Online Olympiad"]
[Site "Chess.com"]
[Date "2020.07.31"]
[EventDate "2020.07.31"]
[Round "3"]
[Result "0-1"]
[White "Aaron Ramtulla"]
[Black "Duane Rowe"]
[WhiteElo "1191"]
[BlackElo "2088"]
[PlyCount "68"]

1. e4 e5 2. Nf3 Nc6 3. Nc3 g6 4. Bc4 Bg7 5. a3 h6 6. O-O Nge7
7. d3 O-O 8. h3 d6 9. Be3 Kh7 10. Qd2 f5 11. exf5 gxf5 12. g3
d5 13. Bxd5 Nxd5 14. Nxd5 Qxd5 15. Nh4 f4 16. gxf4 Bf6 17. Ng2
Bxh3 18. f3 Rg8 19. Rf2 Bxg2 20. Rxg2 Rxg2+ 21. Qxg2 Rg8
22. c4 Rxg2+ 23. Kxg2 Qxd3 24. Bf2 e4 25. fxe4 Qxe4+ 26. Kf1
Qh1+ 27. Ke2 Qxa1 28. Bxa7 Qxb2+ 29. Kf3 Qxa3+ 30. Kg4 Qxa7
31. c5 Kg6 32. f5+ Kf7 33. Kh5 Qa1 34. Kxh6 Qh1# 0-1

[Event "FIDE Online Olympiad"]
[Site "Chess.com"]
[Date "2020.07.31"]
[EventDate "2020.07.31"]
[Round "3"]
[Result "0-1"]
[White "Serguei Gontcharov"]
[Black "William Alfaro"]
[WhiteElo "1839"]
[BlackElo "2165"]
[PlyCount "50"]

1. e4 e6 2. d4 d5 3. e5 c5 4. c3 Nc6 5. Nf3 Qb6 6. Bd3 cxd4
7. cxd4 Bd7 8. O-O Nxd4 9. Nbd2 Nc6 10. Nb3 Nge7 11. Be3 Qc7
12. Nc5 Ng6 13. Rc1 Rc8 14. b4 Bxc5 15. Bxc5 Ncxe5 16. Nxe5
Nxe5 17. Be2 b6 18. Ba6 bxc5 19. Rxc5 Qb8 20. Bxc8 Bxc8
21. Re1 O-O 22. Qd4 Nc4 23. Rb1 Bd7 24. Rb3 Rc8 25. Rg3 g6 0-1

[Event "FIDE Online Olympiad"]
[Site "Chess.com"]
[Date "2020.07.31"]
[EventDate "2020.07.31"]
[Round "3"]
[Result "0-1"]
[White "Dimitri Gontcharov"]
[Black "Jose Nahum Espinoza Solano"]
[WhiteElo "1456"]
[BlackElo "1874"]
[PlyCount "64"]

1. e4 c5 2. c3 d5 3. exd5 Qxd5 4. d4 Nf6 5. Nf3 g6 6. Nbd2 Bg7
7. Bc4 Qd8 8. O-O O-O 9. Re1 Nc6 10. Nb3 cxd4 11. cxd4 Bg4
12. Be3 Nb4 13. a3 Bxf3 14. gxf3 Nbd5 15. Rc1 Rc8 16. Nc5 b6
17. Nb3 Qd7 18. Nd2 Rfd8 19. Ne4 Qf5 20. Ng3 Qh3 21. Bxd5 Nxd5
22. Qb3 Rxc1 23. Rxc1 h5 24. Qa4 h4 25. Ne4 Qxf3 26. Ng5 Qg4+
27. Kf1 Nxe3+ 28. fxe3 Qxg5 29. Qxa7 Qxe3 30. Re1 Qf3+ 31. Kg1
Bxd4+ 32. Re3 Bxe3# 0-1

[Event "FIDE Online Olympiad"]
[Site "Chess.com"]
[Date "2020.07.31"]
[EventDate "2020.07.31"]
[Round "3"]
[Result "0-1"]
[White "Annelaine Jacobs"]
[Black "Gabriella Johnson"]
[WhiteElo "1612"]
[BlackElo "1733"]
[PlyCount "98"]

1. e4 c5 2. Nf3 d6 3. d4 cxd4 4. Nxd4 Nf6 5. Nc3 g6 6. Be3 Bg7
7. f3 O-O 8. Qd2 Nc6 9. O-O-O d5 10. exd5 Nxd5 11. Nxd5 Qxd5
12. Nb3 Qxd2+ 13. Rxd2 Be6 14. Nd4 Nxd4 15. Bxd4 Bh6 16. a3
Rfd8 17. Bc3 Rac8 18. Bd3 Bxd2+ 19. Kxd2 Bc4 20. Re1 Bxd3
21. cxd3 Rd7 22. Re4 f6 23. Ke2 g5 24. d4 Kf7 25. g4 Rc6
26. Kf2 Re6 27. Kg3 Rd5 28. h4 h6 29. hxg5 hxg5 30. Rxe6 Kxe6
31. f4 gxf4+ 32. Kxf4 Rg5 33. Bd2 b5 34. b3 Kd5 35. Be3 a6
36. Bf2 Rg8 37. Be3 e5+ 38. dxe5 fxe5+ 39. Kg3 Ke4 40. Bc5 Kd3
41. g5 e4 42. Kf4 Re8 43. g6 e3 44. g7 e2 45. Bb4 Rg8 46. Kg5
Rxg7+ 47. Kf6 Rg1 48. Kf5 e1=Q 49. Bxe1 Rxe1 0-1

[Event "FIDE Online Olympiad"]
[Site "Chess.com"]
[Date "2020.07.31"]
[EventDate "2020.07.31"]
[Round "3"]
[Result "0-1"]
[White "Alexander Gentil Costa"]
[Black "Ricardo Urbina"]
[WhiteElo "1804"]
[BlackElo "2223"]
[PlyCount "78"]

1. c4 c6 2. g3 d5 3. cxd5 cxd5 4. Bg2 Nf6 5. a3 Nc6 6. b4 e6
7. d3 a5 8. b5 Nd4 9. a4 Bd7 10. Nf3 Nxf3+ 11. Bxf3 Rc8
12. Bd2 b6 13. O-O Bd6 14. Qb3 O-O 15. Nc3 Qe7 16. Rac1 Bb4
17. Rfd1 d4 18. Ne4 Nxe4 19. Bxb4 axb4 20. Bxe4 Rc3 21. Qb2
Rfc8 22. Rb1 b3 23. Ra1 Qc5 24. Rdb1 e5 25. Kg2 Be6 26. Bc6 h5
27. h3 Rxc6 28. bxc6 Rc2 29. Qa3 Qxc6+ 30. Kh2 Rxe2 31. Rf1
Qf3 32. Qd6 Bd5 33. Qd8+ Kh7 34. Qxd5 Qxd5 35. Kg1 b2 36. Rab1
Qf3 37. h4 Qxd3 38. Kg2 Qe4+ 39. Kh3 Qf3 0-1

[Event "FIDE Online Olympiad"]
[Site "Chess.com"]
[Date "2020.08.01"]
[EventDate "2020.07.31"]
[Round "4"]
[Result "0-1"]
[White "Shuaau Muhammed"]
[Black "Wynn Zaw Htun"]
[WhiteElo "1733"]
[BlackElo "2477"]
[PlyCount "70"]

1. e4 c5 2. Nf3 d6 3. Bb5+ Bd7 4. Bxd7+ Qxd7 5. O-O Nf6 6. Re1
Nc6 7. c3 e6 8. d4 cxd4 9. cxd4 d5 10. e5 Ne4 11. Nbd2 Nxd2
12. Bxd2 Be7 13. Rc1 O-O 14. a3 Rfc8 15. Rc3 Qd8 16. g3 Na5
17. Rd3 Nc4 18. Bc1 Rc6 19. h4 h6 20. Kg2 Rac8 21. Rh1 Qc7
22. Rc3 b5 23. Rb3 Na5 24. Rxb5 a6 25. Rxa5 Qxa5 26. Bd2 Qb5
27. Bc3 Bxa3 28. Qb1 Rb8 29. Ng5 hxg5 30. hxg5 g6 31. Rh6 Bf8
32. Rxg6+ fxg6 33. Qxg6+ Bg7 34. Qh5 Qd3 35. g6 Rxc3 0-1

[Event "FIDE Online Olympiad"]
[Site "Chess.com"]
[Date "2020.08.01"]
[EventDate "2020.07.31"]
[Round "4"]
[Result "0-1"]
[White "Ahmed Nihaya"]
[Black "Hsu Lwin May"]
[WhiteElo "1126"]
[BlackElo "1987"]
[PlyCount "70"]

1. e4 c5 2. Nf3 Nc6 3. Nc3 d6 4. d4 cxd4 5. Nxd4 a6 6. Be2 Nf6
7. Be3 e6 8. f3 Qc7 9. O-O Be7 10. Qd2 b5 11. a3 Bb7 12. Rad1
O-O 13. Bf2 Rac8 14. Qe3 Ne5 15. Rd2 h6 16. f4 Neg4 17. Bxg4
Nxg4 18. Qg3 Nxf2 19. Rfxf2 Bf6 20. Rfe2 Qb6 21. e5 dxe5
22. fxe5 Bg5 23. Rd3 Rfd8 24. Qg4 Rc4 25. Ncxb5 axb5 26. c3
Be7 27. Rg3 g6 28. Qh5 Kh7 29. Qh3 Bc5 30. Rg4 Bxd4+ 31. cxd4
Rcxd4 32. Rxd4 Qxd4+ 33. Kf1 Qf4+ 34. Ke1 Rc8 35. Kd1 Rc1# 0-1

[Event "FIDE Online Olympiad"]
[Site "Chess.com"]
[Date "2020.08.01"]
[EventDate "2020.07.31"]
[Round "4"]
[Result "0-1"]
[White "Ahmed Yoosuf Waseem"]
[Black "Han Thiha Sai"]
[WhiteElo "1177"]
[BlackElo "1768"]
[PlyCount "66"]

1. e4 c5 2. Nf3 d6 3. d4 cxd4 4. Nxd4 Nf6 5. Nc3 g6 6. Be3 Bg7
7. f3 O-O 8. Qd2 Nc6 9. O-O-O d5 10. exd5 Nxd5 11. Nxc6 bxc6
12. Bd4 e5 13. Bc5 Be6 14. Bxf8 Qxf8 15. Kb1 Rb8 16. Nxd5 cxd5
17. b3 Qa3 18. Qc1 Qc5 19. Bd3 e4 20. Qf4 Rc8 21. fxe4 Qd4
22. Kc1 dxe4 23. Bxe4 Rxc2+ 24. Bxc2 Qxf4+ 25. Kb1 Qf6 26. Kc1
Qb2+ 27. Kd2 Bh6+ 28. Kd3 Bf5+ 29. Kc4 Qxc2+ 30. Kb4 Bf8+
31. Ka4 Qc6+ 32. Ka5 Qb6+ 33. Ka4 Qb4# 0-1

[Event "FIDE Online Olympiad"]
[Site "Chess.com"]
[Date "2020.08.01"]
[EventDate "2020.07.31"]
[Round "4"]
[Result "0-1"]
[White "Lut Yin Luke Lau"]
[Black "Soon Wei Yee"]
[WhiteElo "1944"]
[BlackElo "2245"]
[PlyCount "160"]

1. e4 e5 2. Bc4 Nf6 3. d3 c6 4. Nf3 d5 5. exd5 cxd5 6. Bb5+
Bd7 7. Bxd7+ Nbxd7 8. O-O Bd6 9. Nc3 h6 10. Re1 O-O 11. Nh4
Re8 12. Nf5 Bf8 13. Qf3 Nc5 14. Qg3 Kh7 15. Rxe5 g6 16. Nd4
Bd6 17. Rxe8 Qxe8 18. Qe3 Bxh2+ 19. Kf1 Ng4 20. Qxe8 Rxe8
21. g3 h5 22. Bf4 h4 23. Kg2 hxg3 24. fxg3 Kg7 25. Nxd5 Rd8
26. c4 Nxd3 27. Bc7 Rd7 28. b3 Nb4 29. Nxb4 Rxd4 30. Bf4 f6
31. Nd5 g5 32. Be3 Rd3 33. Re1 Kf7 34. Re2 b5 35. Kh3 Nxe3
36. Nxe3 Bg1 37. Nf5 bxc4 38. bxc4 Rc3 39. Nd6+ Kg6 40. Kg2
Bc5 41. Ne4 Rxc4 42. Kf3 Bd4 43. Rd2 Be5 44. Rd7 Ra4 45. Rd2
Ra3+ 46. Kg2 Kf5 47. Nc5 Rxg3+ 48. Kf2 Ra3 49. Nd7 g4 50. Kg2
a5 51. Rf2+ Kg5 52. Nc5 f5 53. Re2 Bd6 54. Ne6+ Kf6 55. Nd4 f4
56. Re6+ Kg5 57. Rxd6 Rxa2+ 58. Kg1 f3 59. Ne6+ Kh4 60. Rd1
Kg3 61. Ng5 Rg2+ 62. Kh1 Rh2+ 63. Kg1 f2+ 64. Kf1 Rh1+ 65. Ke2
Rxd1 66. Ne4+ Kf4 67. Nxf2 Ra1 68. Nd3+ Kf5 69. Nc5 a4 70. Kf2
a3 71. Nb3 Rb1 72. Nd4+ Ke4 73. Nc2 Rb2 74. Kg3 Rxc2 75. Kh4
g3 76. Kh3 a2 77. Kg4 a1=R 78. Kh3 g2 79. Kh4 g1=R 80. Kh3 Kf4
0-1

[Event "FIDE Online Olympiad"]
[Site "Chess.com"]
[Date "2020.08.01"]
[EventDate "2020.07.31"]
[Round "4"]
[Result "0-1"]
[White "Azahari Siti Nur Fatimah Hj"]
[Black "Jing Xin Crystal Deng"]
[WhiteElo "1927"]
[BlackElo "1575"]
[PlyCount "120"]

1. e4 c5 2. Nf3 Nc6 3. Bb5 g6 4. O-O Bg7 5. Re1 Nf6 6. e5 Nd5
7. Nc3 Nc7 8. Bxc6 bxc6 9. d4 cxd4 10. Nxd4 O-O 11. Bf4 c5
12. Nb3 Ne6 13. Bg3 Bb7 14. Qd3 Qc7 15. Nd5 Bxd5 16. Qxd5 Rab8
17. Re3 c4 18. Rc3 Rfc8 19. Nd2 Rxb2 20. Rxc4 Qb8 21. Rxc8+
Qxc8 22. c4 Bh6 23. Nf3 Rc2 24. a3 Qxc4 25. Qxc4 Rxc4 26. h3
Rc1+ 27. Rxc1 Bxc1 28. a4 a5 29. Kf1 Nc5 30. Ne1 Nxa4 31. Nd3
Ba3 32. Ke2 Nc5 33. Bh4 Nxd3 34. Kxd3 Kf8 35. Kc4 d6 36. Kb5
Bb4 37. exd6 exd6 38. Bd8 f5 39. Bxa5 Bxa5 40. Kxa5 Ke7
41. Kb5 Ke6 42. Kc4 Ke5 43. Kd3 f4 44. Kc4 Ke4 45. Kc3 d5
46. Kc2 Kd4 47. Kd2 Kc4 48. g3 fxg3 49. fxg3 d4 50. h4 h5
51. Ke2 Kc3 52. Kf2 d3 53. Kf3 d2 54. g4 d1=Q+ 55. Kf4 Qxg4+
56. Ke3 Qxh4 57. Ke2 Qf4 58. Ke1 Qh2 59. Kf1 Kd3 60. Ke1 Qe2#
0-1

[Event "FIDE Online Olympiad"]
[Site "Chess.com"]
[Date "2020.08.01"]
[EventDate "2020.07.31"]
[Round "4"]
[Result "0-1"]
[White "Abdul Zahirul Zazali"]
[Black "Arya Nirag Shah"]
[WhiteElo "1695"]
[BlackElo "1394"]
[PlyCount "76"]

1. e4 d5 2. exd5 Nf6 3. Bc4 Nxd5 4. Nf3 Bg4 5. d4 e6 6. c3 Be7
7. Nbd2 O-O 8. Qb3 Nb6 9. O-O Nc6 10. Bd3 Bh5 11. Re1 Bg6
12. Bxg6 hxg6 13. Ne4 Rc8 14. Bf4 Na5 15. Qc2 Nac4 16. Rad1
Nd6 17. Neg5 Nd5 18. Bc1 c5 19. Qe2 cxd4 20. Rxd4 Nf5 21. Rdd1
Bxg5 22. Nxg5 Qb6 23. g4 Nfe7 24. Qd3 Rfd8 25. Qh3 Nf6 26. Be3
Rxd1 27. Rxd1 Qxb2 28. Bd4 Qc2 29. Rf1 Ned5 30. f4 Qe2
31. Bxf6 Nxf6 32. Nf3 Qe3+ 33. Kg2 Rxc3 34. g5 Nh5 35. Qg4
Nxf4+ 36. Kg3 Nh5+ 37. Kh4 Qd3 38. Ne5 Qxf1 0-1

[Event "FIDE Online Olympiad"]
[Site "Chess.com"]
[Date "2020.08.01"]
[EventDate "2020.07.31"]
[Round "4"]
[Result "0-1"]
[White "Albert Njau"]
[Black "Raymond Song"]
[WhiteElo "1702"]
[BlackElo "2254"]
[PlyCount "66"]

1. d4 Nf6 2. g3 d5 3. Bg2 Bf5 4. c4 e6 5. Nc3 c6 6. Qb3 Qb6
7. Qxb6 axb6 8. cxd5 exd5 9. Nf3 b5 10. O-O b4 11. Nd1 Nbd7
12. Bf4 Be7 13. Ne3 Be4 14. Rfc1 h6 15. h4 O-O 16. Bh3 Nb6
17. Nf5 Bxf5 18. Bxf5 Nc4 19. b3 Nd6 20. Bxd6 Bxd6 21. Rc2 Ra3
22. Nd2 Rfa8 23. e3 g6 24. Bd3 Nd7 25. Kf1 h5 26. Ke2 Kg7
27. Kd1 Nf8 28. Rb2 Ne6 29. Kc2 c5 30. Bb5 cxd4 31. Ba4 dxe3
32. fxe3 Be5 33. Nb1 Rc8+ 0-1

[Event "FIDE Online Olympiad"]
[Site "Chess.com"]
[Date "2020.08.01"]
[EventDate "2020.07.31"]
[Round "4"]
[Result "0-1"]
[White "Cleophas Charles"]
[Black "Ting-Hao Wang"]
[WhiteElo "1579"]
[BlackElo "1788"]
[PlyCount "122"]

1. e4 c5 2. Nf3 g6 3. Bc4 Bg7 4. O-O e6 5. Nc3 a6 6. a3 Ne7
7. d3 O-O 8. Bd2 b5 9. Ba2 Bb7 10. Qe2 Nbc6 11. h3 Rc8 12. Nh2
Nd4 13. Qd1 d5 14. f3 Qd7 15. Rb1 b4 16. Ne2 Qa4 17. Bb3 Nxb3
18. cxb3 Qb5 19. Qc2 dxe4 20. fxe4 Rfd8 21. Nf4 e5 22. a4 Qd7
23. Nd5 Nxd5 24. exd5 Qxd5 25. Bg5 Rd7 26. Rbd1 h6 27. Be3 f5
28. Qc4 Kh7 29. Qxd5 Bxd5 30. Rc1 Rdc7 31. Nf3 Bxb3 32. a5 Bd5
33. Nd2 e4 34. dxe4 fxe4 35. b3 Bc3 36. Nc4 Bxc4 37. bxc4 Bd4
38. Bxd4 cxd4 39. Rf4 Rxc4 40. Rxc4 Rxc4 41. Rxe4 b3 42. Re7+
Kg8 43. Rb7 d3 44. Rb8+ Kf7 45. Rb7+ Kf6 46. Rb6+ Kg5 47. Rxb3
d2 48. Rd3 Rc1+ 49. Kf2 d1=Q 50. Rxd1 Rxd1 51. Ke2 Ra1 52. Kf3
Rxa5 53. g3 Ra3+ 54. Kg2 Rb3 55. h4+ Kg4 56. Kh2 Rb2+ 57. Kg1
Kf3 58. g4 h5 59. g5 a5 60. Kh1 Kg3 61. Kg1 Rb1# 0-1

[Event "FIDE Online Olympiad"]
[Site "Chess.com"]
[Date "2020.08.01"]
[EventDate "2020.07.31"]
[Round "4"]
[Result "0-1"]
[White "Ayyad Husain Abdulgalil Saleh"]
[Black "Thanadon Kulpruethanon"]
[WhiteElo "2249"]
[BlackElo "2190"]
[PlyCount "44"]

1. e4 c5 2. Nf3 Nc6 3. d4 cxd4 4. Nxd4 g6 5. Be3 Nf6 6. Nc3
Bg7 7. Be2 O-O 8. O-O d5 9. Nxc6 bxc6 10. e5 Ne8 11. f4 f6
12. Bf3 e6 13. Bc5 Rf7 14. Re1 fxe5 15. fxe5 Bd7 16. Qd4 a5
17. Na4 Nc7 18. Nb6 Rb8 19. Nxd7 Qxd7 20. a4 Na6 21. Bd6 Qxd6
22. Qd3 Qc5+ 0-1

[Event "FIDE Online Olympiad"]
[Site "Chess.com"]
[Date "2020.08.01"]
[EventDate "2020.07.31"]
[Round "4"]
[Result "0-1"]
[White "Salman Al Mahmood"]
[Black "Prin Laohawirapap"]
[WhiteElo "1588"]
[BlackElo "1834"]
[PlyCount "78"]

1. d4 Nf6 2. Nf3 g6 3. e3 Bg7 4. Bd3 c5 5. c3 b6 6. O-O O-O
7. Nbd2 Ba6 8. Bxa6 Nxa6 9. Qe2 Nc7 10. e4 d5 11. Rd1 cxd4
12. Nxd4 dxe4 13. Nxe4 Qd5 14. Ng3 Rad8 15. Be3 Qb7 16. a4 Na6
17. a5 Nc5 18. axb6 axb6 19. Qb5 Nd5 20. Nc6 Nxe3 21. fxe3 Rc8
22. Nd4 Rfd8 23. Qe2 h5 24. Nf3 Bf6 25. Nf1 Qe4 26. N1d2 Qc2
27. Rab1 Nb3 28. Nd4 Nxd4 29. exd4 e5 30. dxe5 Bg5 31. e6 Rxd2
32. exf7+ Kg7 33. Qf3 Rf8 34. Rf1 Qd3 35. Qxd3 Rxd3 36. Rbd1
Rxd1 37. Rxd1 Rxf7 38. Rd6 Be3+ 39. Kh1 Rf1# 0-1

[Event "FIDE Online Olympiad"]
[Site "Chess.com"]
[Date "2020.08.01"]
[EventDate "2020.07.31"]
[Round "5"]
[Result "0-1"]
[White "Mohamed Hassan"]
[Black "Martin Njoroge"]
[WhiteElo "1842"]
[BlackElo "1781"]
[PlyCount "110"]

1. e4 Nf6 2. e5 Nd5 3. d4 d6 4. Nf3 g6 5. c4 Nb6 6. exd6 cxd6
7. Nc3 Bg7 8. Be3 O-O 9. Be2 Bg4 10. b3 Nc6 11. O-O Bxf3
12. Bxf3 e5 13. d5 Ne7 14. Ne4 h6 15. Qd2 Nf5 16. Rac1 Nxe3
17. fxe3 f5 18. Nc3 e4 19. Bd1 Nd7 20. Ne2 Ne5 21. Nf4 Qb6
22. Be2 Rf7 23. Ne6 Bf6 24. h3 Kh7 25. Rf2 Re8 26. Rb1 Bh4
27. Rff1 Bg3 28. Qd4 Qa5 29. a4 Nc6 30. dxc6 Rxe6 31. cxb7
Rxb7 32. Rfd1 Ree7 33. Qd2 Qe5 34. b4 Qf6 35. Bf1 Qh4 36. Kh1
Be5 37. Qe1 Bg3 38. Qe2 Qg5 39. a5 Be5 40. Qf2 Rbc7 41. b5 Bg3
42. Qg1 f4 43. Rxd6 fxe3 44. Rd5 Re5 45. Rxe5 Bxe5 46. Be2 Qg3
47. b6 axb6 48. axb6 Rf7 49. Rf1 Rf2 50. Re1 Rxg2 51. Qxg2
Qxe1+ 52. Bf1 Bg3 53. Qe2 Qc1 54. b7 h5 55. Kg2 Bb8 0-1

[Event "FIDE Online Olympiad"]
[Site "Chess.com"]
[Date "2020.08.01"]
[EventDate "2020.07.31"]
[Round "5"]
[Result "0-1"]
[White "Shareef Aishath Alya Mohamed"]
[Black "Joyce Nyaruai Ndirangu"]
[WhiteElo "1098"]
[BlackElo "1621"]
[PlyCount "100"]

1. d4 d5 2. c4 c6 3. e3 Nf6 4. Nc3 e6 5. Nf3 Bb4 6. Bd2 Nbd7
7. Bd3 Bxc3 8. bxc3 Ne4 9. cxd5 exd5 10. c4 Ndf6 11. h3 O-O
12. Bb4 Re8 13. O-O dxc4 14. Bxc4 Nd5 15. Qb3 Be6 16. Rac1 a5
17. Ba3 b5 18. Be2 Rc8 19. Qd3 Nec3 20. Qd2 Qf6 21. Bc5 Qg6
22. Kh1 Ne4 23. Qd3 f5 24. Rcd1 Ndc3 25. Ra1 Nxa2 26. Rab1
Nac3 27. Rbc1 Nxe2 28. Qxe2 Bc4 29. Qe1 Bxf1 30. Qxf1 Ng5
31. Qe2 Qh5 32. Re1 f4 33. Qd1 fxe3 34. Rxe3 Rxe3 35. fxe3 Ne4
36. Qf1 Ng3+ 37. Kg1 Nxf1 38. Kxf1 Qf5 39. Ke2 Qc2+ 40. Kf1 b4
41. Kg1 b3 42. Kh2 b2 43. Ne1 Qe2 44. Nf3 b1=Q 45. Kg3 Qbf1
46. Kg4 Qexg2+ 47. Kf4 Qfxf3+ 48. Ke5 Qg5+ 49. Kd6 Qff6+
50. Kd7 Qe7+ 0-1

[Event "FIDE Online Olympiad"]
[Site "Chess.com"]
[Date "2020.08.01"]
[EventDate "2020.07.31"]
[Round "5"]
[Result "0-1"]
[White "Rupesh Jaiswal"]
[Black "Tupfah Khumnorkaew"]
[WhiteElo "2020"]
[BlackElo "1888"]
[PlyCount "102"]

1. d4 Nf6 2. Bf4 e6 3. e3 b6 4. Nf3 Bb7 5. Nbd2 Bd6 6. Bg5 Be7
7. Bd3 O-O 8. O-O d6 9. c3 Nbd7 10. Re1 e5 11. Qc2 h6 12. Bh4
Re8 13. Rad1 Qc8 14. Bf5 g6 15. dxe5 dxe5 16. Bxd7 Nxd7
17. Bxe7 Rxe7 18. Ne4 Kg7 19. Ned2 e4 20. Nd4 Nf6 21. c4 Qg4
22. Nf1 h5 23. h3 Qg5 24. b4 Nd7 25. Ng3 h4 26. Nge2 Ne5
27. Qc3 Kh7 28. Nf4 Nf3+ 29. Nxf3 exf3 30. c5 Be4 31. Kh2 fxg2
32. Rg1 Qf5 33. Rd2 g5 34. Nxg2 Bb7 35. Nxh4 Qe5+ 36. Qxe5
Rxe5 37. Ng2 bxc5 38. bxc5 Rxc5 39. Rd7 Rf8 40. h4 gxh4
41. Nxh4 Rh5 42. Rxc7 Rxh4+ 43. Kg3 Rb4 44. Rh1+ Kg7 45. Rh5
Bc8 46. Rg5+ Kf6 47. Ra5 Rg8+ 48. Kf3 Bg4+ 49. Kg3 Be2+
50. Kh3 Bf1+ 51. Kh2 Rh4# 0-1